<?xml version="1.0" encoding="UTF-8"?><?xml-stylesheet type="text/xsl" href="static/style.xsl"?><OAI-PMH xmlns="http://www.openarchives.org/OAI/2.0/" xmlns:xsi="http://www.w3.org/2001/XMLSchema-instance" xsi:schemaLocation="http://www.openarchives.org/OAI/2.0/ http://www.openarchives.org/OAI/2.0/OAI-PMH.xsd"><responseDate>2026-04-28T19:33:00Z</responseDate><request verb="GetRecord" identifier="oai:uvadoc.uva.es:10324/9385" metadataPrefix="marc">https://uvadoc.uva.es/oai/request</request><GetRecord><record><header><identifier>oai:uvadoc.uva.es:10324/9385</identifier><datestamp>2021-06-30T08:15:37Z</datestamp><setSpec>com_10324_5268</setSpec><setSpec>com_10324_5186</setSpec><setSpec>com_10324_29291</setSpec><setSpec>col_10324_5280</setSpec></header><metadata><record xmlns="http://www.loc.gov/MARC21/slim" xmlns:doc="http://www.lyncode.com/xoai" xmlns:xsi="http://www.w3.org/2001/XMLSchema-instance" xmlns:dcterms="http://purl.org/dc/terms/" xsi:schemaLocation="http://www.loc.gov/MARC21/slim http://www.loc.gov/standards/marcxml/schema/MARC21slim.xsd">
<leader>00925njm 22002777a 4500</leader>
<datafield tag="042" ind1=" " ind2=" ">
<subfield code="a">dc</subfield>
</datafield>
<datafield tag="720" ind1=" " ind2=" ">
<subfield code="a">Collantes Fraile, Carlos</subfield>
<subfield code="e">author</subfield>
</datafield>
<datafield tag="260" ind1=" " ind2=" ">
<subfield code="c">2005</subfield>
</datafield>
<datafield tag="520" ind1=" " ind2=" ">
<subfield code="a">Este artículo pretende mostrar un recorrido por los movimientos teóricos que han marcado la trayectoria tanto del Derecho como de la Traducción. Partiendo de las bases de la crisis de la representación, se explican una serie de corrientes por las que atravesó la jurisprudencia desde finales del siglo XIX hasta el fin de los años 70. A raíz de esta introducción en la disciplina jurídica se hace una comparación con la evolución de la traductología, desde el estructuralismo hasta los Estudios de Traducción.A continuación se presenta una corriente que ha marcado la teoría del Derecho, los Critical Legal Studies, que defiende que en todo proceso jurídico se encuentra una manipulación política que persigue imponer los ideales de unos u otros grupos sociales. Dicha corriente es similar a la Escuela de la Manipulación, defendida por autores tales como Theo Hermans o André Lefevere. Para concluir, se cotejan ambos movimientos y se recalca la importancia que posee la teoría, tanto jurídica como traductológica.</subfield>
</datafield>
<datafield tag="024" ind2=" " ind1="8">
<subfield code="a">Hermeneus: Revista de la Facultad de Traducción e Interpretación de Soria, 2005, N.7, pags.21-38</subfield>
</datafield>
<datafield tag="024" ind2=" " ind1="8">
<subfield code="a">1139-7489</subfield>
</datafield>
<datafield tag="024" ind2=" " ind1="8">
<subfield code="a">http://uvadoc.uva.es/handle/10324/9385</subfield>
</datafield>
<datafield tag="024" ind2=" " ind1="8">
<subfield code="a">21</subfield>
</datafield>
<datafield tag="024" ind2=" " ind1="8">
<subfield code="a">7</subfield>
</datafield>
<datafield tag="024" ind2=" " ind1="8">
<subfield code="a">38</subfield>
</datafield>
<datafield tag="024" ind2=" " ind1="8">
<subfield code="a">Hermeneus: Revista de la Facultad de Traducción e Interpretación de Soria</subfield>
</datafield>
<datafield ind1=" " ind2=" " tag="653">
<subfield code="a">Filología</subfield>
</datafield>
<datafield tag="245" ind1="0" ind2="0">
<subfield code="a">Derecho y traducción: nuevos rumbos comunes</subfield>
</datafield>
</record></metadata></record></GetRecord></OAI-PMH>